000 00368nam a2200145Ia 4500
008 230917s9999||||xx |||||||||||||| ||und||
040 _e185694
_aMAIN
041 _aEnglish
082 _a709.54 R199T
100 _aRawson, Philip
245 0 _aTantra: The Indian cult of ecstasy
260 _aDelhi
_bVikas Publishing House
_c1973
300 _a128 p.
942 _cBK
999 _c134001
_d134001